| 000 | 00968cam a22003371 4500 | ||
|---|---|---|---|
| 001 | 6884598 | ||
| 003 | OSt | ||
| 005 | 20260703150830.0 | ||
| 008 | 801119s1869 pau 000 0 eng | ||
| 010 | _a 33024574 | ||
| 020 | _a9781848719521 | ||
| 035 | _a6884598 | ||
| 035 | _a(OCoLC)6956164 | ||
| 040 |
_aDLC _cTNJ _dDLC |
||
| 042 | _apremarc | ||
| 050 | 0 | 0 |
_aBV4531 _b.H55 2020 |
| 082 | _a248 | ||
| 100 | 1 |
_aHodge, Charles, _d1797-1878. |
|
| 245 | 1 | 4 |
_aThe way of life / _c Charles Hodge |
| 260 |
_aEdinburgh, _aUK : _bThe banner of truth trust, _c2020. |
||
| 300 |
_a276 p. _c16 cm. |
||
| 336 |
_atext _btxt _2rdacontent |
||
| 337 |
_aunmediated _bn _2rdamedia |
||
| 338 |
_avolume _bnc _2rdacarrier |
||
| 500 | _a. | ||
| 530 | _aAlso available in digital form. | ||
| 583 |
_aCataloguing: _c20260703 _kgtanuigtanui |
||
| 906 |
_a7 _bcbc _coclcrpl _du _encip _f19 _gy-gencatlg |
||
| 942 |
_2lcc _cBK |
||
| 999 |
_c21776 _d21775 |
||